Uplatňovanie moderných metód riadenia vo verejnej správe
New public management (NPM) - charakteristika. Prírastková reforma verejnej správy. Umiernený manažerizmus. Možnosti využitia logistiky vo verejnej správe. Špecifická odborná zákonom stanovená úloha. Spokojnosť stránok. Spokojnosť zamestnancov. Efektívnosť a hospodárnosť v činnosti verejnej správy.
Salvato in:
| Autore principale: | |
|---|---|
| Altri autori: | |
| Natura: | Capitolo di libro |
| Lingua: | slovacco |
| Soggetti: | |
| Tags: |
Nessun Tag, puoi essere il primo ad aggiungerne!!
|
MARC
| LEADER | 00000naa$a2200000$$$4500 | ||
|---|---|---|---|
| 001 | 0088779 | ||
| 005 | 20220316114431.8 | ||
| 041 | 0 | |a slo | |
| 044 | |a SK | ||
| 245 | 1 | 0 | |a Uplatňovanie moderných metód riadenia vo verejnej správe |c Jozef Benčo, Mária Šedivá |
| 520 | |a New public management (NPM) - charakteristika. Prírastková reforma verejnej správy. Umiernený manažerizmus. Možnosti využitia logistiky vo verejnej správe. Špecifická odborná zákonom stanovená úloha. Spokojnosť stránok. Spokojnosť zamestnancov. Efektívnosť a hospodárnosť v činnosti verejnej správy. | ||
| 610 | 2 | 0 | |a riadenie |
| 610 | 2 | 0 | |a manažment |
| 610 | 2 | 0 | |a správa verejná |
| 610 | 2 | 0 | |a logistika |
| 610 | 2 | 0 | |a efektívnosť |
| 610 | 2 | 0 | |a hospodárnosť |
| 100 | 1 | |a Benčo, Jozef | |
| 700 | 1 | |a Šedivá, Mária | |